000
00252nam a2200097Ia 4500
008
220204s9999 xx 000 0 und d
082
_a
632.51
_b
WEE
245
0
_a
Weed control manual and herbicide guide.
260
_a
Ohio
_b
Meister Pub
_c
1972
942
_c
BK
999
_c
23741
_d
23741